000 01208cam a22003737a 4500
003 CHAP
005 20220817043548.0
008 990701d1997 it rnf 00110 eng d
010 _a78529
011 _a79501
020 _a9251037744
022 _a1010-9021
035 _a89758
040 _cCHAP
082 0 4 _a636.08
_bF3 v.35
110 2 _aFAO
245 1 0 _aVaccine manual :
_bthe production and quality control of veterinary vaccines for use in developing countries
_c/by Noel Mowat and Mark Rweyemamu
260 _aRome :
_bFAO,
_c1997.
300 _a434 p.
490 0 _aFAO. Producción y sanidad animal
_v; 35
590 _aBATCH-UPD
_b10
_c20130110
_lUCH01
_h1130
590 _aBATCH-UPD
_b10
_c20130410
_lUCH01
_h0718
590 _aBATCH-UPD
_b10
_c20130914
_lUCH01
_h1403
590 _aCONVERSION
_b10
_c20130109
_lUCH01
_h1343
650 1 4 _aVacunas.
_9117179
650 1 4 _aVeterinaria.
_9118987
700 0 _aMowat, Noel.
_979181
700 0 _aRweyemamu, Mark.
_9101021
830 0 _aFAO. Producción y sanidad animal
_v; 35
_939655
901 _aBK
905 _aLilia Sánchez G.
942 _cLIBRO
949 _a636.08 F3 v.35
_bBC
_cFAO
_d33724000734646
_eFAO1
_h94924
_i89758
_kDonaciØn
_sb
999 _c78529
_d78529